|
|
|
|
| LEADER |
01452nam a2200385 i 4500 |
| 001 |
31474 |
| 003 |
BD-DhAAL |
| 005 |
20161116085429.0 |
| 008 |
161115s2012 ii b 000 0 eng |
| 010 |
|
|
|a 2013315356
|
| 020 |
|
|
|a 9788125048831
|
| 040 |
|
|
|a DLC
|c DLC
|d DLC
|e rda
|d DLC
|d BD-DhAAL
|
| 042 |
|
|
|a lcode
|a pcc
|
| 043 |
|
|
|a a-ii---
|
| 050 |
0 |
0 |
|a JQ220.S8
|b D43 2012
|
| 082 |
|
|
|2 23
|a 320.80954
|
| 999 |
|
|
|c 37903
|d 37903
|
| 999 |
|
|
|c 37903
|
| 245 |
0 |
0 |
|a Decentralisation and local governments :
|b the Indian experience /
|c edited by T.R. Raghunandan.
|
| 264 |
|
1 |
|a New Delhi :
|b Orient Blackswan,
|c 2012.[reprinted 2015]
|
| 300 |
|
|
|a xii, 432 pages ;
|c 24 cm.
|
| 490 |
0 |
|
|a Readings on the economy, polity, and society
|
| 500 |
|
|
|a "Tata Institute of Social Sciences."
|
| 500 |
|
|
|a "Essays from Economic and political weekly"--Cover.
|
| 504 |
|
|
|a Includes bibliographical references.
|
| 520 |
|
|
|a Contributed articles.
|
| 526 |
|
|
|a BIGD
|
| 541 |
|
|
|e 31474
|
| 650 |
|
0 |
|a Decentralization in government
|z India.
|9 20770
|
| 650 |
|
0 |
|a Local government
|z India.
|9 20771
|
| 700 |
1 |
|
|a Raghunandan, T. R.,
|e editor of compilation.
|9 20772
|
| 710 |
2 |
|
|a Tata Institute of Social Sciences.
|9 20773
|
| 730 |
0 |
|
|a Economic and political weekly.
|9 20774
|
| 942 |
|
|
|2 ddc
|c BK
|
| 952 |
|
|
|0 0
|1 0
|2 ddc
|4 0
|6 320_809540000000000_DEC
|7 0
|9 59808
|a IGS
|b IGS
|c GEN
|d 2016-11-16
|e Pathak Samabesh
|g 1182.00
|l 0
|o 320.80954 DEC
|p 3010031474
|r 2016-11-16
|t 1
|w 2016-11-16
|y BK
|